| 000 | 00427nam a2200121Ia 4500 | ||
|---|---|---|---|
| 008 | 160712s9999 xx 000 0 und d | ||
| 100 | _aJohannessen, Gloria Guzman. | ||
| 245 |
_cGloria Guzman Johannessen _aThe Heart, Mind, and Soul Of a Multilingual Society |
||
| 260 |
_c2011 _bEducation Quarterly |
||
| 300 | _avol. 69 no. 1 | ||
| 650 | _xEDUCATION | ||
| 856 | _uhttp://journals.upd.edu.ph/index.php/edq/article/view/2899/2673 | ||
| 999 |
_c297542 _d297542 |
||